[Event "DEM U18w 2017"]
[Site "Willingen GER"]
[Date "2017.06.06"]
[Round "5"]
[White "Rogozenco, Teodora"]
[Black "Weis, Olga"]
[Result "1-0"]
[Termination "normal"]
[Board "1"]
[WhiteTitle "WFM"]
[WhiteElo "2139"]
[BlackElo "1871"]
[WhiteClock "00:11:16"]
[BlackClock "00:10:19"]
[PlyCount "77"]
[WhiteFideId "12938084"]
[BlackFideId "1270234"]
[EventCountry "GER"]
[EventRounds "9"]
[EventType "swiss"]
[EventDate "2017.06.03"]

1. d4 {[%clk 1:30:59]} 1... d5 {[%clk 1:30:54]} 2. c4 {[%clk 1:31:25]} 2... e6
{[%clk 1:31:19]} 3. Nc3 {[%clk 1:31:49]} 3... Nf6 {[%clk 1:31:43]} 4. cxd5 {
[%clk 1:32:07]} 4... exd5 {[%clk 1:32:07]} 5. Bg5 {[%clk 1:32:31]} 5... c6 {
[%clk 1:32:20]} 6. Qc2 {[%clk 1:32:52]} 6... Be7 {[%clk 1:32:26]} 7. e3 { [%clk
1:33:13]} 7... Nbd7 {[%clk 1:32:36]} 8. Bd3 {[%clk 1:33:30]} 8... Nh5 { [%clk
1:32:41]} 9. Bxe7 {[%clk 1:33:52]} 9... Qxe7 {[%clk 1:33:08]} 10. O-O-O { [%clk
1:33:15]} 10... g6 {[%clk 1:32:14]} 11. g4 {[%clk 1:32:49]} 11... Ng7 { [%clk
1:31:25]} 12. h3 {[%clk 1:31:27]} 12... Nb6 {[%clk 1:29:56]} 13. Kb1 { [%clk
1:29:56]} 13... Be6 {[%clk 1:29:02]} 14. Nf3 {[%clk 1:10:06]} 14... O-O-O
{[%clk 1:25:05]} 15. Rc1 {[%clk 1:04:02]} 15... Kb8 {[%clk 1:19:26]} 16. Na4 {
[%clk 1:00:03]} 16... Nxa4 {[%clk 1:02:35]} 17. Qxa4 {[%clk 1:00:27]} 17... Ne8
{[%clk 1:01:41]} 18. Rc3 {[%clk 1:00:07]} 18... Nd6 {[%clk 0:59:17]} 19. Rhc1 {
[%clk 0:58:55]} 19... f6 {[%clk 0:55:26]} 20. Nd2 {[%clk 0:55:05]} 20... Bd7 {
[%clk 0:48:40]} 21. Qa5 {[%clk 0:52:16]} 21... Be8 {[%clk 0:40:24]} 22. Nb3 {
[%clk 0:49:06]} 22... b6 {[%clk 0:36:57]} 23. Qa6 {[%clk 0:47:27]} 23... Qb7 {
[%clk 0:33:12]} 24. Qa3 {[%clk 0:46:59]} 24... Qe7 {[%clk 0:32:37]} 25. Na1 {
[%clk 0:43:18]} 25... Nc8 {[%clk 0:31:03]} 26. Qb3 {[%clk 0:43:07]} 26... Ka8 {
[%clk 0:27:24]} 27. Nc2 {[%clk 0:37:48]} 27... c5 {[%clk 0:23:01]} 28. dxc5 {
[%clk 0:31:35]} 28... bxc5 {[%clk 0:23:07]} 29. Bf1 {[%clk 0:20:21]} 29... c4 {
[%clk 0:18:28]} 30. Rxc4 {[%clk 0:19:44]} 30... Nb6 {[%clk 0:16:13]} 31. Rd4 {
[%clk 0:16:49]} 31... Bc6 {[%clk 0:15:47]} 32. Bg2 {[%clk 0:15:52]} 32... Rd6 {
[%clk 0:11:09]} 33. Nb4 {[%clk 0:15:09]} 33... Qd7 {[%clk 0:09:48]} 34. Rxc6 {
[%clk 0:13:29]} 34... Rxc6 {[%clk 0:10:09]} 35. Nxc6 {[%clk 0:10:24]} 35...
Qxc6 {[%clk 0:10:27]} 36. Bxd5 {[%clk 0:10:40]} 36... Nxd5 {[%clk 0:10:49]} 37.
Qxd5 {[%clk 0:11:05]} 37... Qxd5 {[%clk 0:10:17]} 38. Rxd5 {[%clk 0:11:31]}
38... Kb7 {[%clk 0:10:19]} 39. Rd6 {[%clk 0:11:16]} 1-0

[Event "DEM U18w 2017"]
[Site "Willingen GER"]
[Date "2017.06.06"]
[Round "5"]
[White "Moses, Selina"]
[Black "Wiesner, Paula"]
[Result "0-1"]
[Termination "normal"]
[Board "2"]
[WhiteElo "1948"]
[BlackElo "2061"]
[WhiteClock "00:45:03"]
[BlackClock "00:50:02"]
[PlyCount "34"]
[WhiteFideId "12908070"]
[BlackFideId "24654019"]
[EventCountry "GER"]
[EventRounds "9"]
[EventType "swiss"]
[EventDate "2017.06.03"]

1. e4 {[%clk 1:30:58]} 1... e6 {[%clk 1:30:57]} 2. d4 {[%clk 1:31:24]} 2... d5
{[%clk 1:31:24]} 3. Nd2 {[%clk 1:31:49]} 3... Nc6 {[%clk 1:31:52]} 4. Ngf3 {
[%clk 1:32:10]} 4... Nf6 {[%clk 1:32:05]} 5. e5 {[%clk 1:32:35]} 5... Nd7 {
[%clk 1:32:30]} 6. Be2 {[%clk 1:32:58]} 6... f6 {[%clk 1:32:31]} 7. exf6 {
[%clk 1:33:21]} 7... Qxf6 {[%clk 1:32:49]} 8. Nf1 {[%clk 1:33:40]} 8... e5 {
[%clk 1:24:42]} 9. dxe5 {[%clk 1:23:09]} 9... Ndxe5 {[%clk 1:24:41]} 10. Qxd5 {
[%clk 1:20:42]} 10... Be6 {[%clk 1:23:13]} 11. Qb5 {[%clk 1:13:07]} 11... O-O-O
{[%clk 1:21:28]} 12. Bg5 {[%clk 1:09:29]} 12... Bb4+ {[%clk 1:15:02]} 13. N1d2
{[%clk 0:56:34]} 13... Bxd2+ {[%clk 1:11:19]} 14. Bxd2 {[%clk 0:56:58]} 14...
Bc4 {[%clk 0:56:50]} 15. Bg5 {[%clk 0:44:23]} 15... Nxf3+ {[%clk 0:50:15]} 16.
gxf3 {[%clk 0:44:38]} 16... Bxb5 {[%clk 0:50:06]} 17. Bxf6 {[%clk 0:45:03]}
17... Rde8 {[%clk 0:50:02]} 0-1

[Event "DEM U18w 2017"]
[Site "Willingen GER"]
[Date "2017.06.06"]
[Round "5"]
[White "Sewald, Kathrin"]
[Black "Sieber, Fiona"]
[Result "0-1"]
[Termination "normal"]
[Board "3"]
[BlackTitle "WFM"]
[WhiteElo "1902"]
[BlackElo "2332"]
[WhiteClock "00:21:39"]
[BlackClock "00:30:06"]
[PlyCount "88"]
[WhiteFideId "12964557"]
[BlackFideId "12902373"]
[EventCountry "GER"]
[EventRounds "9"]
[EventType "swiss"]
[EventDate "2017.06.03"]

1. e4 {[%clk 1:30:55]} 1... e5 {[%clk 1:30:56]} 2. Nf3 {[%clk 1:31:21]} 2...
Nc6 {[%clk 1:31:22]} 3. Bc4 {[%clk 1:31:42]} 3... Nf6 {[%clk 1:31:47]} 4. d3 {
[%clk 1:31:57]} 4... Be7 {[%clk 1:32:04]} 5. c3 {[%clk 1:31:55]} 5... O-O {
[%clk 1:32:22]} 6. Bb3 {[%clk 1:32:20]} 6... d5 {[%clk 1:30:05]} 7. Qe2 { [%clk
1:32:09]} 7... Re8 {[%clk 1:21:17]} 8. Nbd2 {[%clk 1:31:05]} 8... Bf8 { [%clk
1:19:46]} 9. Nf1 {[%clk 1:30:07]} 9... h6 {[%clk 1:18:42]} 10. Ng3 { [%clk
1:28:24]} 10... Be6 {[%clk 1:16:20]} 11. Bd2 {[%clk 1:24:25]} 11... a5 { [%clk
1:11:31]} 12. Ba4 {[%clk 1:19:20]} 12... Bd6 {[%clk 1:07:01]} 13. h3 { [%clk
1:16:39]} 13... Rb8 {[%clk 1:06:52]} 14. O-O {[%clk 1:13:02]} 14... b5 { [%clk
1:01:54]} 15. Bc2 {[%clk 1:11:31]} 15... a4 {[%clk 0:56:38]} 16. Rfd1 { [%clk
1:05:50]} 16... Ne7 {[%clk 0:43:38]} 17. Nf1 {[%clk 1:00:22]} 17... Ng6 { [%clk
0:43:18]} 18. g4 {[%clk 0:54:53]} 18... h5 {[%clk 0:35:02]} 19. g5 { [%clk
0:50:39]} 19... Nd7 {[%clk 0:34:55]} 20. N3h2 {[%clk 0:46:50]} 20... h4 { [%clk
0:31:58]} 21. Kg2 {[%clk 0:41:30]} 21... Ndf8 {[%clk 0:29:36]} 22. Qh5 { [%clk
0:38:20]} 22... Qd7 {[%clk 0:26:46]} 23. Ng4 {[%clk 0:37:58]} 23... dxe4 {[%clk
0:22:12]} 24. dxe4 {[%clk 0:37:16]} 24... Bc4 {[%clk 0:22:32]} 25. Re1 { [%clk
0:35:31]} 25... Ne6 {[%clk 0:22:27]} 26. Kh1 {[%clk 0:33:26]} 26... Bc5 { [%clk
0:19:27]} 27. Rad1 {[%clk 0:31:02]} 27... Bxa2 {[%clk 0:18:51]} 28. Nfh2 {[%clk
0:30:22]} 28... Qc6 {[%clk 0:16:39]} 29. Nf3 {[%clk 0:29:38]} 29... Rbd8 {[%clk
0:14:12]} 30. Nfxe5 {[%clk 0:25:08]} 30... Qb6 {[%clk 0:07:58]} 31. Nxg6 {[%clk
0:22:53]} 31... fxg6 {[%clk 0:08:24]} 32. Qxg6 {[%clk 0:23:01]} 32... Nf8
{[%clk 0:08:25]} 33. Qh5 {[%clk 0:14:54]} 33... Bxf2 {[%clk 0:06:45]} 34. Nxf2
{[%clk 0:13:47]} 34... Qxf2 {[%clk 0:07:04]} 35. Rf1 {[%clk 0:13:52]} 35... Qg3
{[%clk 0:06:50]} 36. Rf3 {[%clk 0:12:54]} 36... Qe5 {[%clk 0:04:51]} 37. Qxh4
{[%clk 0:12:05]} 37... Ng6 {[%clk 0:05:08]} 38. Qh5 {[%clk 0:09:13]} 38... Bf7
{[%clk 0:04:11]} 39. Rf5 {[%clk 0:07:58]} 39... Qe6 {[%clk 0:03:34]} 40. Qg4
{[%clk 0:04:14]} 40... Ne5 {[%clk 0:02:57]} 41. Qg3 {[%clk 0:30:08]} 41... Bh5
{[%clk 0:29:29]} 42. Rxe5 {[%clk 0:23:02]} 42... Qxe5 {[%clk 0:29:23] } 43.
Qxe5 {[%clk 0:21:51]} 43... Rxe5 {[%clk 0:29:51]} 44. Bf4 {[%clk 0:21:39] }
44... Bxd1 {[%clk 0:30:06]} 0-1

[Event "DEM U18w 2017"]
[Site "Willingen GER"]
[Date "2017.06.06"]
[Round "5"]
[White "Wächter, Nathalie"]
[Black "Schumann, Rabea"]
[Result "1-0"]
[Termination "normal"]
[Board "4"]
[WhiteElo "1994"]
[BlackElo "1858"]
[WhiteClock "00:11:48"]
[BlackClock "00:10:19"]
[PlyCount "65"]
[WhiteFideId "12921033"]
[BlackFideId "12918199"]
[EventCountry "GER"]
[EventRounds "9"]
[EventType "swiss"]
[EventDate "2017.06.03"]

1. d4 {[%clk 1:30:58]} 1... d5 {[%clk 1:30:51]} 2. c4 {[%clk 1:31:23]} 2... e6
{[%clk 1:31:14]} 3. Nc3 {[%clk 1:31:46]} 3... Nf6 {[%clk 1:31:35]} 4. Bg5 {
[%clk 1:32:06]} 4... Be7 {[%clk 1:31:54]} 5. e3 {[%clk 1:32:26]} 5... h6 {
[%clk 1:31:43]} 6. Bh4 {[%clk 1:32:21]} 6... O-O {[%clk 1:31:36]} 7. Qc2 {
[%clk 1:32:20]} 7... Nbd7 {[%clk 1:30:12]} 8. Nf3 {[%clk 1:32:13]} 8... Re8 {
[%clk 1:15:38]} 9. cxd5 {[%clk 1:31:09]} 9... exd5 {[%clk 1:11:53]} 10. Bd3 {
[%clk 1:31:13]} 10... c6 {[%clk 1:08:27]} 11. O-O {[%clk 1:31:25]} 11... Nb6 {
[%clk 1:04:34]} 12. Ne5 {[%clk 1:24:11]} 12... Ng4 {[%clk 0:57:24]} 13. Bg3 {
[%clk 1:12:06]} 13... Bd6 {[%clk 0:48:44]} 14. Bh7+ {[%clk 1:08:19]} 14... Kf8
{[%clk 0:48:53]} 15. Nxf7 {[%clk 1:06:33]} 15... Kxf7 {[%clk 0:38:36]} 16. Qg6+
{[%clk 1:06:09]} 16... Kf8 {[%clk 0:39:00]} 17. Bxd6+ {[%clk 1:06:24]} 17...
Re7 {[%clk 0:39:15]} 18. Bxe7+ {[%clk 0:59:24]} 18... Qxe7 {[%clk 0:39:33]} 19.
Qc2 {[%clk 0:56:24]} 19... Qd6 {[%clk 0:36:18]} 20. g3 {[%clk 0:53:18]} 20...
Qe6 {[%clk 0:29:56]} 21. e4 {[%clk 0:50:38]} 21... h5 {[%clk 0:26:36]} 22. Bf5
{[%clk 0:49:09]} 22... Qf6 {[%clk 0:26:38]} 23. Bxc8 {[%clk 0:44:55]} 23...
Rxc8 {[%clk 0:27:01]} 24. h3 {[%clk 0:25:53]} 24... Nh6 {[%clk 0:23:31]} 25.
Qe2 {[%clk 0:24:08]} 25... g6 {[%clk 0:15:58]} 26. Rae1 {[%clk 0:18:04]} 26...
Re8 {[%clk 0:14:41]} 27. Qd2 {[%clk 0:16:26]} 27... g5 {[%clk 0:13:30]} 28.
exd5 {[%clk 0:16:13]} 28... cxd5 {[%clk 0:12:42]} 29. Rxe8+ {[%clk 0:15:59]}
29... Kxe8 {[%clk 0:13:05]} 30. Qe2+ {[%clk 0:15:30]} 30... Kd8 {[%clk 0:12:59]
} 31. Re1 {[%clk 0:14:23]} 31... Qf7 {[%clk 0:11:18]} 32. Qe5 {[%clk 0:14:32]}
32... Kd7 {[%clk 0:10:19]} 33. Nb5 {[%clk 0:11:48]} 1-0

[Event "DEM U18w 2017"]
[Site "Willingen GER"]
[Date "2017.06.06"]
[Round "5"]
[White "Halas, Julia"]
[Black "Ley, Sabrina"]
[Result "0-1"]
[Termination "normal"]
[Board "5"]
[WhiteElo "1855"]
[BlackElo "1888"]
[WhiteClock "00:02:10"]
[BlackClock "00:07:12"]
[PlyCount "56"]
[WhiteFideId "12931810"]
[BlackFideId "12938130"]
[EventCountry "GER"]
[EventRounds "9"]
[EventType "swiss"]
[EventDate "2017.06.03"]

1. d4 {[%clk 1:30:58]} 1... d5 {[%clk 1:30:55]} 2. c4 {[%clk 1:31:22]} 2...
dxc4 {[%clk 1:31:22]} 3. e4 {[%clk 1:31:47]} 3... Nf6 {[%clk 1:31:45]} 4. e5 {
[%clk 1:32:11]} 4... Nd5 {[%clk 1:32:11]} 5. Bxc4 {[%clk 1:32:34]} 5... Nb6 {
[%clk 1:32:36]} 6. Bd3 {[%clk 1:32:16]} 6... Nc6 {[%clk 1:32:43]} 7. Ne2 {
[%clk 1:32:18]} 7... Bg4 {[%clk 1:32:14]} 8. f3 {[%clk 1:32:06]} 8... Be6 {
[%clk 1:32:38]} 9. Be3 {[%clk 1:24:35]} 9... Bd5 {[%clk 1:23:46]} 10. Nbc3 {
[%clk 1:23:37]} 10... e6 {[%clk 1:22:31]} 11. O-O {[%clk 1:21:43]} 11... a6 {
[%clk 1:20:22]} 12. f4 {[%clk 1:09:46]} 12... Qd7 {[%clk 1:16:32]} 13. f5 {
[%clk 1:08:46]} 13... O-O-O {[%clk 1:08:41]} 14. Nf4 {[%clk 0:47:32]} 14... Kb8
{[%clk 0:55:28]} 15. Nfxd5 {[%clk 0:45:06]} 15... Nxd5 {[%clk 0:49:49]} 16. Bg5
{[%clk 0:40:33]} 16... Nde7 {[%clk 0:26:12]} 17. Be4 {[%clk 0:30:29]} 17...
exf5 {[%clk 0:14:39]} 18. Bxc6 {[%clk 0:28:26]} 18... Qxc6 {[%clk 0:14:38]} 19.
Bxe7 {[%clk 0:19:56]} 19... Bxe7 {[%clk 0:15:03]} 20. Rxf5 {[%clk 0:17:24]}
20... Rxd4 {[%clk 0:14:05]} 21. Qf1 {[%clk 0:14:46]} 21... Bc5 {[%clk 0:11:59]}
22. Kh1 {[%clk 0:15:02]} 22... Re8 {[%clk 0:09:58]} 23. Rxf7 {[%clk 0:14:19]}
23... Rxe5 {[%clk 0:08:53]} 24. Rxg7 {[%clk 0:13:30]} 24... Rh5 {[%clk 0:08:47]
} 25. Rg8+ {[%clk 0:02:12]} 25... Ka7 {[%clk 0:09:04]} 26. Qf3 {[%clk 0:01:25]}
26... Rdh4 {[%clk 0:08:58]} 27. Qg3 {[%clk 0:01:45]} 27... Rxh2+ { [%clk
0:07:04]} 28. Qxh2 {[%clk 0:02:10]} 28... Qh6 {[%clk 0:07:12]} 0-1

[Event "DEM U18w 2017"]
[Site "Willingen GER"]
[Date "2017.06.06"]
[Round "5"]
[White "Hartmann, Cora"]
[Black "Diener, Carolin Valeria"]
[Result "1-0"]
[Termination "normal"]
[Board "6"]
[WhiteElo "1788"]
[BlackElo "1909"]
[WhiteClock "00:04:37"]
[BlackClock "00:02:47"]
[PlyCount "110"]
[WhiteFideId "16200764"]
[BlackFideId "24699063"]
[EventCountry "GER"]
[EventRounds "9"]
[EventType "swiss"]
[EventDate "2017.06.03"]

1. e4 {[%clk 1:30:57]} 1... e5 {[%clk 1:30:55]} 2. Nf3 {[%clk 1:31:24]} 2...
Nc6 {[%clk 1:31:20]} 3. Bc4 {[%clk 1:31:50]} 3... Bc5 {[%clk 1:31:44]} 4. c3 {
[%clk 1:32:13]} 4... Nf6 {[%clk 1:32:07]} 5. d3 {[%clk 1:32:40]} 5... h6 {
[%clk 1:31:51]} 6. Nbd2 {[%clk 1:32:53]} 6... d6 {[%clk 1:31:38]} 7. O-O {
[%clk 1:31:35]} 7... O-O {[%clk 1:31:29]} 8. Re1 {[%clk 1:30:31]} 8... Re8 {
[%clk 1:15:44]} 9. Bb3 {[%clk 1:29:38]} 9... Bb6 {[%clk 1:09:32]} 10. Nf1 {
[%clk 1:29:05]} 10... d5 {[%clk 1:04:46]} 11. Qe2 {[%clk 1:28:20]} 11... Ng4 {
[%clk 0:53:14]} 12. Ne3 {[%clk 1:25:03]} 12... d4 {[%clk 0:42:27]} 13. Nxg4 {
[%clk 1:20:05]} 13... Bxg4 {[%clk 0:39:36]} 14. h3 {[%clk 1:16:21]} 14... Be6 {
[%clk 0:37:05]} 15. Bxe6 {[%clk 1:14:10]} 15... Rxe6 {[%clk 0:34:48]} 16. c4 {
[%clk 1:13:54]} 16... Ba5 {[%clk 0:33:38]} 17. Rf1 {[%clk 1:08:11]} 17... Ne7 {
[%clk 0:32:55]} 18. Nh4 {[%clk 1:04:21]} 18... Ng6 {[%clk 0:31:11]} 19. Nf5 {
[%clk 1:01:13]} 19... c5 {[%clk 0:25:47]} 20. Qg4 {[%clk 0:54:01]} 20... Qf8 {
[%clk 0:23:33]} 21. h4 {[%clk 0:51:36]} 21... Kh7 {[%clk 0:22:13]} 22. h5 {
[%clk 0:50:02]} 22... Ne7 {[%clk 0:22:19]} 23. Nh4 {[%clk 0:34:43]} 23... Bc7 {
[%clk 0:19:06]} 24. f4 {[%clk 0:32:04]} 24... Nc6 {[%clk 0:17:26]} 25. f5 {
[%clk 0:22:50]} 25... Rf6 {[%clk 0:16:15]} 26. Qe2 {[%clk 0:17:57]} 26... Bd8 {
[%clk 0:15:47]} 27. g4 {[%clk 0:17:09]} 27... Rd6 {[%clk 0:15:39]} 28. Nf3 {
[%clk 0:17:24]} 28... f6 {[%clk 0:10:30]} 29. a3 {[%clk 0:13:00]} 29... a6 {
[%clk 0:08:22]} 30. Rb1 {[%clk 0:12:17]} 30... Rd7 {[%clk 0:07:33]} 31. Qc2 {
[%clk 0:11:35]} 31... Be7 {[%clk 0:06:43]} 32. Qa4 {[%clk 0:11:18]} 32... Qb8 {
[%clk 0:01:32]} 33. Bd2 {[%clk 0:10:51]} 33... b5 34. cxb5 {[%clk 0:10:46]}
34... axb5 {[%clk 0:00:59]} 35. Qb3 {[%clk 0:10:38]} 35... Rc7 {[%clk 0:00:53]}
36. Rfc1 {[%clk 0:07:31]} 36... Qb6 {[%clk 0:00:37]} 37. Qd5 {[%clk 0:05:30]}
37... Rac8 {[%clk 0:00:40]} 38. Rc2 {[%clk 0:04:20]} 38... Na5 {[%clk 0:00:36]}
39. Rbc1 {[%clk 0:02:28]} 39... Nb7 {[%clk 0:00:40]} 40. Qf7 {[%clk 0:01:19]}
40... Bd6 {[%clk 0:00:36]} 41. Qg6+ {[%clk 0:20:05]} 41... Kh8 {[%clk 0:30:48]}
42. g5 {[%clk 0:20:12]} 42... Bf8 {[%clk 0:27:15]} 43. Kf2 {[%clk 0:18:08]}
43... Qc6 {[%clk 0:24:52]} 44. gxh6 {[%clk 0:17:06]} 44... gxh6 {[%clk 0:23:14]
} 45. Rg1 {[%clk 0:14:14]} 45... Bg7 {[%clk 0:20:52]} 46. Bxh6 {[%clk 0:14:06]}
46... Rg8 {[%clk 0:15:52]} 47. Nh4 {[%clk 0:08:29]} 47... Qd7 {[%clk 0:12:00]}
48. Kf3 {[%clk 0:07:26]} 48... Qf7 {[%clk 0:09:45]} 49. Rcg2 {[%clk 0:06:47]}
49... Qxg6 {[%clk 0:08:13]} 50. Rxg6 {[%clk 0:07:16]} 50... Kh7 {[%clk 0:06:26]
} 51. Bd2 {[%clk 0:06:02]} 51... Rgc8 {[%clk 0:04:46]} 52. h6 {[%clk 0:05:55]}
52... Bh8 {[%clk 0:05:06]} 53. R6g2 {[%clk 0:04:59]} 53... Nd6 {[%clk 0:03:12]}
54. Ng6 {[%clk 0:04:33]} 54... Rf7 {[%clk 0:02:18]} 55. Nxh8 {[%clk 0:04:37]}
55... Rxh8 {[%clk 0:02:47]} 1-0

[Event "DEM U18w 2017"]
[Site "Willingen GER"]
[Date "2017.06.06"]
[Round "5"]
[White "Simon, Tessa"]
[Black "Gatzke, Carolin"]
[Result "0-1"]
[Termination "normal"]
[Board "7"]
[WhiteElo "1882"]
[BlackElo "1778"]
[PlyCount "92"]
[WhiteFideId "12929395"]
[BlackFideId "12943746"]
[EventCountry "GER"]
[EventRounds "9"]
[EventType "swiss"]
[EventDate "2017.06.03"]

1. e4 c5 2. Nf3 Nc6 3. d4 cxd4 4. Nxd4 g6 5. c4 Nf6 6. Nc3 Nxd4 7. Qxd4 d6 8.
Be2 Bg7 9. Be3 O-O 10. Qd2 Be6 11. O-O Ng4 12. Bxg4 Bxg4 13. Rac1 Qd7 14. Nd5
Rfc8 15. b3 b6 16. Bg5 f6 17. Bh6 Be6 18. Rfe1 Rab8 19. Bxg7 Kxg7 20. a4 a6 21.
Qe3 Qd8 22. Nb4 Ra8 23. Red1 Bd7 24. Nd5 Rcb8 25. Qd4 Rb7 26. h4 b5 27. axb5
axb5 28. c5 dxc5 29. Qxc5 Bg4 30. f3 Rc8 31. Qe3 Rxc1 32. Qxc1 Be6 33. b4 Qd6
34. Nf4 Qb6+ 35. Kh1 Bc4 36. Qd2 Ra7 37. Rc1 Ra2 38. Rc2 Rxc2 39. Qxc2 Qe3 40.
Nh3 Qe1+ 41. Kh2 Qxb4 42. Qf2 Qd6+ 43. Kh1 b4 44. Ng1 b3 45. Qb2 Qe5 46. Qb1
Qc3 0-1

[Event "DEM U18w 2017"]
[Site "Willingen GER"]
[Date "2017.06.06"]
[Round "5"]
[White "Wallat, Jessica"]
[Black "Yi, Wendy"]
[Result "0-1"]
[Termination "normal"]
[Board "8"]
[WhiteElo "1706"]
[BlackElo "1693"]
[PlyCount "34"]
[WhiteFideId "12909637"]
[BlackFideId "16224850"]
[EventCountry "GER"]
[EventRounds "9"]
[EventType "swiss"]
[EventDate "2017.06.03"]

1. e4 e5 2. Nf3 Nc6 3. d4 exd4 4. Nxd4 Nf6 5. Nxc6 bxc6 6. e5 Nd5 7. Bd3 d6 8.
exd6 Bxd6 9. Be4 O-O 10. Qf3 Re8 11. c4 Nf6 12. Bg5 Bg4 13. Bxf6 Bxf3 14. Bxd8
Bxe4 15. Kd2 Raxd8 16. Nc3 Bf4+ 17. Ke1 Bxg2+ 0-1

[Event "DEM U18w 2017"]
[Site "Willingen GER"]
[Date "2017.06.06"]
[Round "5"]
[White "Klenk, Sofie"]
[Black "Schulz, Theresa Charlotte"]
[Result "1-0"]
[Termination "normal"]
[Board "9"]
[WhiteElo "1876"]
[BlackElo "1595"]
[PlyCount "51"]
[WhiteFideId "12996653"]
[BlackFideId "12952206"]
[EventCountry "GER"]
[EventRounds "9"]
[EventType "swiss"]
[EventDate "2017.06.03"]

1. e4 c5 2. Nf3 d6 3. d4 cxd4 4. Nxd4 Nf6 5. Nc3 g6 6. Be3 Bg7 7. f3 O-O 8. Qd2
Nc6 9. O-O-O Nxd4 10. Bxd4 Be6 11. Kb1 Qc7 12. g4 Rfc8 13. h4 h5 14. Nd5 Bxd5
15. exd5 hxg4 16. h5 Nxh5 17. Bxg7 Kxg7 18. fxg4 Nf4 19. Bd3 g5 20. Rh7+ Kf6
21. Rf1 e5 22. dxe6 Kxe6 23. Bf5+ Ke7 24. Re1+ Kf8 25. Qd4 Ne6 26. Rxe6 1-0

[Event "DEM U18w 2017"]
[Site "Willingen GER"]
[Date "2017.06.06"]
[Round "5"]
[White "Leser, Katrin"]
[Black "Schilay, Eva"]
[Result "1-0"]
[Termination "normal"]
[Board "10"]
[WhiteElo "1912"]
[BlackElo "1665"]
[PlyCount "71"]
[WhiteFideId "12997692"]
[BlackFideId "12930164"]
[EventCountry "GER"]
[EventRounds "9"]
[EventType "swiss"]
[EventDate "2017.06.03"]

1. e4 d6 2. d4 Nf6 3. Nc3 e5 4. d5 c6 5. f3 Be7 6. Be3 Nbd7 7. a4 a5 8. Bc4 Qc7
9. Bb3 O-O 10. Qd2 Re8 11. Qf2 cxd5 12. exd5 b6 13. Nge2 Nc5 14. Nb5 Qd8 15.
Bxc5 bxc5 16. c4 e4 17. f4 Ng4 18. Qf1 Bf6 19. Nec3 Rb8 20. Qe2 Bd4 21. O-O-O
Be3+ 22. Kb1 Bxf4 23. g3 Be5 24. Bc2 Bxc3 25. Nxc3 f5 26. Rdf1 g6 27. h3 Nf6
28. Qg2 Qe7 29. Nd1 Qe5 30. b3 Bd7 31. Ka2 e3 32. Qe2 Bxa4 33. bxa4 Ne4 34.
Bxe4 Qxe4 35. Nc3 Qd4 36. Nb5 1-0

[Event "DEM U18w 2017"]
[Site "Willingen GER"]
[Date "2017.06.06"]
[Round "5"]
[White "Schiewe, Nadin"]
[Black "Silber, Stefanie"]
[Result "0-1"]
[Termination "normal"]
[Board "11"]
[WhiteElo "1325"]
[BlackElo "1644"]
[PlyCount "120"]
[WhiteFideId "16209079"]
[BlackFideId "12918245"]
[EventCountry "GER"]
[EventRounds "9"]
[EventType "swiss"]
[EventDate "2017.06.03"]

1. d4 d5 2. Nf3 Nf6 3. e3 c5 4. b3 Nc6 5. a3 Bg4 6. Bb2 Qb6 7. Be2 e6 8. Nbd2
Be7 9. Rc1 O-O 10. Ne5 Bxe2 11. Qxe2 cxd4 12. Nxc6 bxc6 13. exd4 c5 14. c3 Rac8
15. O-O Rc7 16. b4 cxd4 17. cxd4 Rfc8 18. Nf3 Ne4 19. Qd3 Bf6 20. Ne5 Rxc1 21.
Bxc1 Rc3 22. Qd1 a5 23. Nd7 Qc7 24. Nxf6+ Nxf6 25. bxa5 Rc4 26. Bb2 Qxa5 27.
Qb3 h5 28. f3 Kh7 29. h3 h4 30. Qd3+ g6 31. Rc1 Rxc1+ 32. Bxc1 Qe1+ 33. Qf1 Qc3
34. Qd1 Nh5 35. Qd2 Qb3 36. Qe3 Qd1+ 37. Kh2 Ng3 38. Qg1 Nf1+ 39. Kh1 Qxc1 40.
a4 Ng3+ 41. Kh2 Qxg1+ 42. Kxg1 Ne2+ 43. Kf2 Nxd4 44. Ke3 e5 45. a5 Nc6 46. a6
Kg7 47. f4 d4+ 48. Ke4 f5+ 49. Kd3 Kf6 50. Kc4 Ke6 51. Kd3 e4+ 52. Ke2 Kd5 53.
Kd2 Kc4 54. Kc2 Nb4+ 55. Kd2 Nxa6 56. Kc2 d3+ 57. Kd2 Kd4 58. Kd1 e3 59. Ke1 e2
60. Kd2 Nc5 0-1

[Event "DEM U18w 2017"]
[Site "Willingen GER"]
[Date "2017.06.06"]
[Round "5"]
[White "Fock, Amina"]
[Black "Kümmel, Tina"]
[Result "1-0"]
[Termination "normal"]
[Board "12"]
[WhiteElo "1592"]
[BlackElo "1433"]
[PlyCount "73"]
[WhiteFideId "12981982"]
[BlackFideId "12979368"]
[EventCountry "GER"]
[EventRounds "9"]
[EventType "swiss"]
[EventDate "2017.06.03"]

1. e4 e6 2. d4 d5 3. Nd2 Nf6 4. e5 Nfd7 5. Bd3 c5 6. c3 Nc6 7. Ne2 Qb6 8. Nf3
f6 9. exf6 Nxf6 10. O-O Bd6 11. Rb1 O-O 12. Bf4 Bxf4 13. Nxf4 Qc7 14. Qc1 c4
15. Bc2 e5 16. dxe5 Nxe5 17. Nd4 Qd6 18. f3 a6 19. Qd2 Nc6 20. Rfe1 Ng4 21. g3
Nge5 22. Kg2 Qh6 23. Nxc6 Nxc6 24. Qxd5+ Kh8 25. Qh5 Qxh5 26. Nxh5 Bf5 27. Be4
Bxe4 28. Rxe4 b5 29. Re6 Na5 30. Rd1 Rfe8 31. Rdd6 Rxe6 32. Rxe6 h6 33. Re7 Rd8
34. Rxg7 Rd2+ 35. Kh3 Rxb2 36. Ra7 Rxa2 37. Nf6 1-0

[Event "DEM U18w 2017"]
[Site "Willingen GER"]
[Date "2017.06.06"]
[Round "5"]
[White "Caliebe, Nanke"]
[Black "Shirov-Michna, Masza"]
[Result "1/2-1/2"]
[Termination "normal"]
[Board "13"]
[WhiteElo "1447"]
[BlackElo "1343"]
[PlyCount "57"]
[WhiteFideId "12980528"]
[BlackFideId "12921998"]
[EventCountry "GER"]
[EventRounds "9"]
[EventType "swiss"]
[EventDate "2017.06.03"]

1. d4 d5 2. Nf3 Nf6 3. Bf4 c5 4. e3 Nc6 5. h3 Qb6 6. Nc3 a6 7. Na4 Qa5+ 8. c3
cxd4 9. exd4 Bf5 10. Nc5 Qb6 11. Qb3 Qxb3 12. axb3 Nd8 13. Bb5+ Nc6 14. Nxb7
Bd7 15. Nc5 Nb8 16. Nxd7 Nfxd7 17. Bxb8 Rxb8 18. Bxd7+ Kxd7 19. Ne5+ Ke8 20.
Rxa6 f6 21. Nd3 Rxb3 22. Ra8+ Kf7 23. Kd2 g6 24. Re1 Rxb2+ 25. Nxb2 Bh6+ 26.
Kd3 Rxa8 27. Re2 Ra1 28. h4 e6 29. g3 1/2-1/2